| 000 | 00658nam a2200205 4500 | ||
|---|---|---|---|
| 003 | CO-ViMGA | ||
| 020 | _a9789588954226 | ||
| 040 |
_aCO-ViMGA _bspa _cCO-ViMGA |
||
| 090 | _aA FRA6 | ||
| 100 | 1 |
_aFrattini, Fita _98120 |
|
| 245 | 1 | 0 |
_aQuiero ser un dinosaurio / _cTexto e ilustraciones Fita Frattini |
| 260 |
_aBogotá : _bBabel, _c2016. |
||
| 300 |
_a[18] p. : _bil. , color ; 12 cm. |
||
| 490 | _a Plan Nacional de Lectura y Escritura Leer es mi Cuento / Ministerio de Cultura. | ||
| 500 | _aDe 0 a 2 Años | ||
| 650 | 1 | 4 |
_aAlbumes infantiles _97827 |
| 650 | 1 | 4 |
_aDinosaurios en la literatura _97960 |
| 650 | 1 | 4 |
_aLiteratura infantil _9827 |
| 942 |
_2ddc _cBK |
||
| 999 |
_c7718 _d7718 |
||